[Event "Chishmy Cup 04 B"]
[Site "Chishmy"]
[Date "2016.04.12"]
[Round "8"]
[White "Mukharyamov, Alan"]
[Black "Murtasin, Bulat"]
[Result "1-0"]
[WhiteElo "1096"]
[BlackElo "1028"]
[PlyCount "25"]
[EventDate "2016.04.12"]
[EventType "tourn"]
[EventRounds "11"]
[EventCountry "RUS"]
[SourceTitle "EXT 2022"]
[Source "ChessBase"]
[SourceDate "2021.10.06"]
[SourceVersion "1"]
[SourceVersionDate "2021.10.06"]
[SourceQuality "1"]

1. e4 e5 2. Nf3 Nf6 3. Nc3 Nc6 4. Bc4 Bc5 5. 0-0 0-0 6. h3 h6 7. d3 d6 8. Nh2 Re8 9. Qf3 Nd4 10. Qg3 Nxc2 11. Bxh6 Kf8 12. Qxg7+ Ke7 13. Qxf7# 1-0

[Event "Chishmy Cup 04 B"]
[Site "Chishmy"]
[Date "2016.04.12"]
[Round "6"]
[White "Mukharyamov, Alan"]
[Black "Tarasov, Daniil"]
[Result "0-1"]
[WhiteElo "1096"]
[BlackElo "1110"]
[PlyCount "62"]
[EventDate "2016.04.12"]
[EventType "tourn"]
[EventRounds "11"]
[EventCountry "RUS"]
[SourceTitle "EXT 2022"]
[Source "ChessBase"]
[SourceDate "2021.10.06"]
[SourceVersion "1"]
[SourceVersionDate "2021.10.06"]
[SourceQuality "1"]

1. e4 e5 2. Nf3 Nf6 3. Nxe5 d6 4. Nf3 Nxe4 5. Qe2 Qe7 6. d3 Nf6 7. Qxe7+ Bxe7 8. d4 d5 9. Bd3 Nc6 10. 0-0 0-0 11. h3 h6 12. Nc3 Re8 13. Bf4 Bd6 14. Bxd6 cxd6 15. Nb5 Re7 16. Nxd6 Bd7 17. Nxb7 Nb4 18. Ba6 Nxa6 19. Nc5 Nb4 20. Nxd7 Rxd7 21. Rae1 Nxc2 22. Re2 Nb4 23. Ne5 Re7 24. Rfe1 Rae8 25. a3 Na6 26. g3 Kf8 27. Kf1 Ne4 28. Nc6 Re6 29. f3 Nxg3+ 30. Kf2 Nxe2 31. Rxe2 Rxe2+ 0-1

[Event "Chishmy Cup 04 B"]
[Site "Chishmy"]
[Date "2016.04.12"]
[Round "10"]
[White "Mukharyamov, Alan"]
[Black "Yanaev, Nikita"]
[Result "0-1"]
[WhiteElo "1096"]
[BlackElo "1137"]
[PlyCount "37"]
[EventDate "2016.04.12"]
[EventType "tourn"]
[EventRounds "11"]
[EventCountry "RUS"]
[SourceTitle "EXT 2022"]
[Source "ChessBase"]
[SourceDate "2021.10.06"]
[SourceVersion "1"]
[SourceVersionDate "2021.10.06"]
[SourceQuality "1"]

1. e4 e5 2. Nf3 Nf6 3. Nc3 Nc6 4. Bc4 Bb4 5. d3 d6 6. 0-0 0-0 7. h3 Bxc3 8. bxc3 h6 9. Nh4 Re8 10. Qf3 Be6 11. Qg3 Nh5 12. Qf3 Qxh4 13. Bxe6 Rxe6 14. g3 Qxh3 15. Qh1 Qxh1+ 16. Kxh1 Rf6 17. g4 Ng3+ 18. Kg2 Nxf1 19. Kxf1 0-1